00751nam a2200169 a 4500008004100000050001800041100002200059245004800081246010500129260003000234350000900264650003900273650002500312995010100337999001700438952012600455120416s1964 ||||||||||||||||| || u aQD 341.N8 Int aUrbanski, Tadeusz10aNitro compoundscedited by Tadeusz Urbanski aproceedings of the International Symposium held at the Institute of Organic Synthesis, Polish Academ aNew YorkbMacmillanc1964 a0.00 0aCHEMISTRY--HANDBOOKS, MANUALS, ETC aCOMPOUNDS--CHEMISTRY D0.00FCBU-MAIN LIBRARY (Kitwe)H1I6.00M1UAVAILABLEWMar 13, 2007ZAnnex Low-Usage Collection  c52280d52280 00102lcc4070a001b001cAnnex Low-Usage Collection d2022-11-30l0oQD 341.N8 Intp012926r2022-11-30w2022-11-30y002